| 000 | 00556nam a2200241 a 4500 | ||
|---|---|---|---|
| 001 | nice12345678 | ||
| 003 | IN_TiNIC | ||
| 005 | 20260116012009.0 | ||
| 008 | 050524s1971 lona grp 000 0 eng | ||
| 020 |
_a _c100 |
||
| 082 | 0 | 0 |
_a232 _bMUG |
| 100 | _aMuggeridge, Malcolm | ||
| 245 | _aJesus Rediscovered | ||
| 260 |
_aLondon _bCollins _c1971 |
||
| 300 | _a205p | ||
| 500 | _aincludes index and biblioraphy | ||
| 505 | 2 | _aIndex | |
| 650 | _aJesus Christ | ||
| 700 | 1 | _aMuggeridge, Malcolm | |
| 902 | _bSRS | ||
| 942 | _cBK | ||
| 999 |
_c5212 _d5212 |
||